书目信息 |
| 题名: |
做一个书生校长
|
|
| 作者: | 程红兵 著 | |
| 分册: | ||
| 出版信息: | 上海 华东师范大学出版社 2006 |
|
| 页数: | 280页 | |
| 开本: | 21cm | |
| 丛书名: | 大夏书系·教育随笔 | |
| 单 册: | ||
| 中图分类: | G52-53 | |
| 科图分类: | ||
| 主题词: | 教育工作--中国--文集 , 教育工作 | |
| 电子资源: | ||
| ISBN: | 7-5617-4524-9 | |
| 000 | 00839oam2 2200265 450 | |
| 001 | 010700017940 | |
| 005 | 20061116085245.85 | |
| 010 | @a7-5617-4524-9@dCNY19.80 | |
| 100 | @a20060317d2006 em y0chiy0110 ea | |
| 101 | 0 | @achi |
| 102 | @aCN@b310000 | |
| 105 | @ay z 000yy | |
| 200 | 1 | @a做一个书生校长@9zuo yi ge shu sheng xiao zhang@f程红兵著 |
| 210 | @a上海@c华东师范大学出版社@d2006 | |
| 215 | @a280页@d21cm | |
| 225 | 2 | @a大夏书系·教育随笔 |
| 308 | @a丛书第二辑 | |
| 330 | @a本书内容包括:坚守知识分子的人文情怀、以文化领导学校、一所学校的文化建设、南半球的西式教育、用生命书写语文教学等。 | |
| 461 | 0 | @12001 @a大夏书系·教育随笔 |
| 606 | 0 | @a教育工作@y中国@j文集 |
| 606 | 0 | @a教育工作 |
| 690 | @aG52-53@v4 | |
| 701 | 0 | @a程红兵@9cheng hong bing@4著 |
| 801 | 0 | @aCN@bRENTIAN@c20061116 |
| 905 | @a10447@dG52-53@e102 | |
| 做一个书生校长/程红兵著.-上海:华东师范大学出版社,2006 |
| 280页;21cm.-(大夏书系·教育随笔) |
| ISBN 7-5617-4524-9:CNY19.80 |
| 本书内容包括:坚守知识分子的人文情怀、以文化领导学校、一所学校的文化建设、南半球的西式教育、用生命书写语文教学等。 |
| ● |
| 相关链接 |
|
|
|
|
正题名:做一个书生校长
索取号:G52-53/102
 
预约/预借
| 序号 | 登录号 | 条形码 | 馆藏地/架位号 | 状态 | 备注 |
| 1 | 0391244 | 203912445 | 第一样本阅览室/ [索取号:G52-53/102] | 在馆 | |
| 2 | 0391245 | 203912454 | 第四借阅区/ [索取号:G52-53/102] | 在馆 | |
| 3 | 0391246 | 203912463 | 第四借阅区/ [索取号:G52-53/102] | 在馆 | |
| 4 | 0391247 | 203912472 | 第四借阅区/ [索取号:G52-53/102] | 在馆 | |
| 5 | 0391248 | 203912481 | 第四借阅区/ [索取号:G52-53/102] | 在馆 |